| 000 | 00397 a2200109 4500 | ||
|---|---|---|---|
| 020 | _a8170622468 | ||
| 082 | _a355.33041 NEW | ||
| 100 | _aNewman, Maj. Gen. Aubrey S. "Red" | ||
| 245 |
_aFollow Me II More on the Human Element in Leadership _cMaj. Gen. Aubrey S. "Red" Newman |
||
| 260 |
_aislamabad : _bService Book Club, _c1994 |
||
| 300 |
_axii, 267p. : _bill ., pics., ; _c21 cm |
||
| 650 | _aMilitary Leadership -- Human Element | ||
| 999 |
_c377 _d377 |
||